Senzor na meranie teploty vytvorený pomocou optického vlákna s kvapalným jadrom

Bibliographic Details
Corporate Author: Žilinská univerzita v Žiline (Patent holder)
Other Authors: Martinček, Ivan (Originator), Pudiš, Dušan, 1974- (Originator)
Format: Book
Language:Slovak
PhysicalDescription:6 s. obr. 30 cm
Published: [Banská Bystrica] Úrad priemyselného vlastníctva SR [2016]
Subjects:

MARC

LEADER 00000cam a2200000 a 4500
001 vtls011599521
003 SK-MaSNL
005 20260331210913.0
008 161213s2016 xo da frj f000 0 slo
013 |a 288430  |b xo  |c patent  |d 20161103  |e dátum sprístupnenia patentu 
013 |a 38-2009  |e číslo prihlášky  |d 20090520  |e dátum podania prihlášky  |d 20110304  |e dátum zverejnenia prihlášky (Vestník ÚPV SR č.: 3/2011) 
015 |a SNBN2017 
040 |a SNK  |b slo  |c SNK  |e AACR2 
041 0 |a slo 
044 |a xo  |c SK 
072 7 |a 536  |x Teplo. Termodynamika  |2 konspekt 
072 7 |a 681.5  |x Automatizačná a riadiaca technika  |2 konspekt 
080 |a 536.51/.55  |2 2001 
080 |a 536.5  |2 2001 
080 |a 681.586  |2 2011 
084 |a G01K 11/00  |2 IPC 
100 1 |a Martinček, Ivan  |4 org  |9 316388 
245 1 0 |a Senzor na meranie teploty vytvorený pomocou optického vlákna s kvapalným jadrom  |c Ivan Martinček, Dušan Pudiš 
260 |a [Banská Bystrica]  |b Úrad priemyselného vlastníctva SR  |c [2016] 
300 |a 6 s.  |b obr.  |c 30 cm 
650 0 7 |a termometria  |2 SNKPH  |9 28894 
650 0 7 |a meranie teploty  |2 SNKPH  |9 26965 
650 0 7 |a Thermometry  |2 SNKPHeng  |9 411825 
650 0 7 |a Temperature measurement  |2 SNKPHeng  |9 323725 
650 0 7 |a senzory  |2 SNKPH  |9 69606 
650 0 7 |a Sensors  |2 SNKPHeng  |9 317743 
655 7 |a patenty  |2 SNKPH  |9 177343 
655 7 |a patent licenses  |2 SNKPHeng  |9 303430 
700 1 |a Pudiš, Dušan,  |d 1974-  |4 org  |9 336310 
710 2 |a Žilinská univerzita v Žiline  |4 pth  |9 165741 
852 |a Štátna vedecká knižnica v Banskej Bystrici 
999 |c 1197313  |d 1199243 
952 |a SNK  |b SNK  |y PREZ  |7 0  |p 17A1252186  |o snkSK 288430  |i snk2017/2559  |8 0  |0 0  |1 0  |4 0  |d 2017-01-30  |l 0  |r 2026-02-24 22:30:55  |w 2026-02-24